Дело по письму генерал-адъютанта князя Суворова о недопущении к слушанию лекций в Санкт-Петербургском университете тех лиц, о зв...

Доступно только в Электронных читальных залах Найти на картеНа карте
RUSMARC
00003857nmc2a22000003x 450
001051e8e6c-04ca-4700-ab62-f0f2fd2b5cd0
00520180703064058.0
100##$a20160411l18631864k l0rusy0189 ca
1010#$arus
102##$aRU
2001#$aДело по письму генерал-адъютанта князя Суворова о недопущении к слушанию лекций в Санкт-Петербургском университете тех лиц, о звании и месте жительства которых университетское начальство не имеет сведений
$j23 декабря 1863 г. - 27 января 1864 г.
251##$cДело
300##$aДело
801#0$aRU
$bРГИА
$c20160411
$gRCR
801#1$aRU
$bГлавНИВЦ
$c20160411
$2rusmarc
801#2$aRU
$bПБ им. Б.Н. Ельцина
$c20180703
$gRCR
$2rusmarc
850##$aРГИА
852##$aРГИА
$eФедеральное казенное учреждение "Российский государственный исторический архив" (РГИА)
$j227
937##$hРГИА
$d12194218
$aASBIBLIO_SCAN
462#0$100175ee99a9-5750-4f16-9283-bc673fb37de8
$12001
$aДела разряда высших учебных заведений Департамента народного просвещения за 1838-1872 гг.
$1251
$cОпись
$1852
$j147
461#0$1001a74412a3-3cc5-4d21-8f0a-dfe2fbd9e72d
$12001
$aДепартамент народного просвещения Министерства народного просвещения (1803-1917)
$1251
$cФонд
$1852
$j733
215##$a10 л.
$d36,5х26 см
371##$aДокумент не является опубликованным и широко распространяемым
105##$ay###
1222#$ad
035##$a051e8e6c-04ca-4700-ab62-f0f2fd2b5cd0
856##$uhttp://readingroom.main.prlib.ru/item.aspx?id_node=n116631423&mode=full
Формат отображения